000 01133nam0a22002531 4500
001 rc\672185
005 20031121165707.6
035 _a(NLR Aleph) 005910522
090 _a6371806
_c6371806
100 _a20031121d1986 u |0rusy50 ca
101 0 _arus
102 _aRU
105 _ay |||||||||
200 1 _aУМСТВЕННОЕ воспитание детей с задержкой психического развития в процессе дидактической игры
_eМетод. рекомендации
_fМ-во просвещения БССР, Респ. ин-т усоверш. учителей
_g[Подгот. Е.С. Слепович, к. психол. н.]
210 _aМинск
_cБ. и.
_d1986
215 _a22 с.
_d20
320 _aБиблиогр.: с. 21-22
702 1 _aСлепович
_bЕ. С.
_gЕлена Самойловна
_4570
712 0 2 _aБелорусский респ. ин-т усовершенствования учителей
_cМинск
_3RU\NLR\AUTH\889959294
801 0 _aRU
_bNLR
_gpsbo
801 1 _aRU
_bELAR
_2rusmarc
852 _aNLR
_j87-4/16323
942 _cBOOK
980 _aNB